Influence of two Pasteuria penetrans bacterial isolates at different application types on root -knot nematodes (Meloidogyne spp.) (Record no. 61581)
[ view plain ]
| 000 -LEADER | |
|---|---|
| fixed length control field | 02245cab a2200277Ia 45 0 |
| 001 - CONTROL NUMBER | |
| control field | u212875 |
| 003 - CONTROL NUMBER IDENTIFIER | |
| control field | SIRSI |
| 008 - FIXED-LENGTH DATA ELEMENTS--GENERAL INFORMATION | |
| fixed length control field | 101023s2016 ua ss b eng d |
| 040 ## - CATALOGING SOURCE | |
| Original cataloging agency | EAL |
| 041 ## - LANGUAGE CODE | |
| Language code of text/sound track or separate title | eng |
| Language code of summary or abstract | ara |
| 090 ## - LOCALLY ASSIGNED LC-TYPE CALL NUMBER (OCLC); LOCAL CALL NUMBER (RLIN) | |
| Classification number (OCLC) (R) ; Classification number, CALL (RLIN) (NR) | ART MJAR V41 No1 Pt1 2 |
| 100 1# - MAIN ENTRY--PERSONAL NAME | |
| Personal name | Mahdy, M. E. |
| 240 10 - UNIFORM TITLE | |
| Uniform title | Minufiya journal of agricultural research, 2016 v.41 (1) |
| Number of part/section of a work | Part 1 |
| Medium | [electronic resource]. |
| 245 10 - TITLE STATEMENT | |
| Title | Influence of two Pasteuria penetrans bacterial isolates at different application types on root -knot nematodes (Meloidogyne spp.) |
| Medium | [electronic resource]. |
| 246 15 - VARYING FORM OF TITLE | |
| Title proper/short title | تأثير عزلتين من بكتريا الباستريا بينيترانس والمطبقة بطرق مختلفة لمكافحة نيماتودا تعقد الجذور ميلودوجينا. |
| 300 ## - PHYSICAL DESCRIPTION | |
| Extent | P.17-28. |
| 504 ## - BIBLIOGRAPHY, ETC. NOTE | |
| Bibliography, etc. note | Includes references. |
| 520 ## - SUMMARY, ETC. | |
| Summary, etc. | Two P. penetrans bacterial isolates namely: Pp Japanese and Egyptian were used at different three types: pp infected root powder, spore suspension and attached larvae as a biocontrol agent against root-knot nematodes, Meloidogyne spp. on tomato plants under greenhouse conditions. Results revealed that the effective treatment obtained with Pp Japanese isolate as a pp root infected powder, where all nematode parameters significantly reduced compared to plants treated with nematode alone. Egyptian isolate appeared promise result when applied also as a pp root infected powder and as a spore suspension. The lowest effect was noticed with Japanese isolate when applied as attached larvae. Results indicate that the highest Pp infected females recorded with Japanese isolate as a root powder, followed by Egyptian isolate as a spore suspension, whereas the lowest Pp infected females recorded with Japanese isolate as a attached larvae. Key words: Root-knot nematodes Meloidogyne spp.; Pasteuria penetrans; Tomato (Lycopersicon esculentum Mill). |
| 546 ## - LANGUAGE NOTE | |
| Language note | Summary in Arabic. |
| 596 ## - | |
| -- | 1 |
| 650 #0 - SUBJECT ADDED ENTRY--TOPICAL TERM | |
| Topical term or geographic name entry element | Root-knot nematodes |
| General subdivision | Control. |
| 650 #0 - SUBJECT ADDED ENTRY--TOPICAL TERM | |
| Topical term or geographic name entry element | Tomatoes |
| General subdivision | Diseases and pests. |
| 650 #3 - SUBJECT ADDED ENTRY--TOPICAL TERM | |
| Topical term or geographic name entry element | Pasteuria penetrans |
| 773 0# - HOST ITEM ENTRY | |
| Title | Minufiya Journal of Agricultural Research. |
| Related parts | 2016.v.41(1) |
| Note | Part 1 |
| International Standard Serial Number | 1110-0265 |
| Control subfield | nnas |
| Record control number | u158151 |
| 856 40 - ELECTRONIC LOCATION AND ACCESS | |
| Uniform Resource Identifier | <a href="http://nile.enal.sci.eg/EALE/2016/MJAR/4116/1p1/17.pdf">http://nile.enal.sci.eg/EALE/2016/MJAR/4116/1p1/17.pdf</a> |
| Public note | Full Text Article |
| 942 ## - ADDED ENTRY ELEMENTS (KOHA) | |
| Koha item type | Articles |
| Source of classification or shelving scheme | Library of Congress Classification |
| Withdrawn status | Lost status | Source of classification or shelving scheme | Damaged status | Not for loan | Home library | Current library | Date acquired | Total Checkouts | Full call number | Date last seen | Price effective from | Koha item type |
|---|---|---|---|---|---|---|---|---|---|---|---|---|
| Alphabetical Classification | Main | Main | 12/11/2019 | ART MJAR V41 No1 Pt1 2 | 12/11/2019 | 12/11/2019 | Articles |